<?xml version="1.0" encoding="UTF-8"?>
<record
    xmlns:xsi="http://www.w3.org/2001/XMLSchema-instance"
    xsi:schemaLocation="http://www.loc.gov/MARC21/slim http://www.loc.gov/standards/marcxml/schema/MARC21slim.xsd"
    xmlns="http://www.loc.gov/MARC21/slim">

  <leader>01760nam a2200205 a 4500</leader>
  <controlfield tag="008">180206e2000    ag ||||| |||| 00| 1 spa d</controlfield>
  <datafield tag="020" ind1=" " ind2=" ">
    <subfield code="a">8495618710</subfield>
  </datafield>
  <datafield tag="041" ind1=" " ind2=" ">
    <subfield code="a">spa</subfield>
  </datafield>
  <datafield tag="092" ind1=" " ind2=" ">
    <subfield code="c">808</subfield>
    <subfield code="l">8</subfield>
    <subfield code="s">BRO</subfield>
  </datafield>
  <datafield tag="100" ind1="1" ind2=" ">
    <subfield code="a">Brown, Dan</subfield>
    <subfield code="9">3923</subfield>
  </datafield>
  <datafield tag="245" ind1=" " ind2=" ">
    <subfield code="a">&#xC1;ngeles y demonios /</subfield>
    <subfield code="c">Dan Brown</subfield>
  </datafield>
  <datafield tag="250" ind1=" " ind2=" ">
    <subfield code="a">1a ed.</subfield>
    <subfield code="b">Traducci&#xF3;n Eduardo G. Murillo</subfield>
  </datafield>
  <datafield tag="260" ind1=" " ind2=" ">
    <subfield code="a">Barcelona:</subfield>
    <subfield code="b">Urano;</subfield>
    <subfield code="c">2004.</subfield>
  </datafield>
  <datafield tag="300" ind1=" " ind2=" ">
    <subfield code="a">606 p.</subfield>
  </datafield>
  <datafield tag="500" ind1=" " ind2=" ">
    <subfield code="a">Brown, D. (2004). &#xC1;ngeles y demonios. (1a ed.). Barcelona : Urano.</subfield>
  </datafield>
  <datafield tag="505" ind1=" " ind2=" ">
    <subfield code="a">En un laboratorio de m&#xE1;xima seguridad, aparece asesinado un cient&#xED;fico con un extra&#xF1;o s&#xED;mbolo grabado a fuego en su pecho. Para el profesor Robert Langdon no hay duda: los Illuminati, los hombres enfrentados a la iglesia desde los tiempos de Galileo, han regresado. Y esta vez disponen de la m&#xE1;s mort&#xED;fera arma que ha creado la humanidad, un artefacto con el que pueden ganar la batalla final contra su eterno enemigo. Acompa&#xF1;ado de una joven cient&#xED;fica y un audaz capit&#xE1;n de la Guardia Suiza, Langdon comienza una carrera contra reloj, en una b&#xFA;squeda  desesperada por los rincones m&#xE1;s secretos del Vaticano. Necesitar&#xE1; todo su conocimiento para descifrar las claves ocultas que los Illuminati han dejado a trav&#xE9;s de los siglos en manuscritos y templos, y todo su coraje para vencer al despiadado asesino que siempre parece llevarle la delantera.
El autor de El C&#xF3;digo Da Vinci nos arrastra a un espiral de acci&#xF3;n sin pausa, un impactante thriller donde se suceden las sorpresas y se revelan algunos de los m&#xE1;s oscuros enigmas de la historia. Fuerzas que han permanecido ocultas durante siglos y que ahora planean destruir la Iglesia...literalmente.</subfield>
  </datafield>
  <datafield tag="590" ind1=" " ind2=" ">
    <subfield code="a">DONACION MARIA VITARELLI DIC/2017.</subfield>
  </datafield>
  <datafield tag="655" ind1=" " ind2=" ">
    <subfield code="a">Literatura</subfield>
    <subfield code="9">2917</subfield>
  </datafield>
  <datafield tag="942" ind1=" " ind2=" ">
    <subfield code="2">ddc</subfield>
    <subfield code="c">LIT</subfield>
  </datafield>
  <datafield tag="999" ind1=" " ind2=" ">
    <subfield code="c">3147</subfield>
    <subfield code="d">3147</subfield>
  </datafield>
  <datafield tag="952" ind1=" " ind2=" ">
    <subfield code="0">0</subfield>
    <subfield code="1">0</subfield>
    <subfield code="2">ddc</subfield>
    <subfield code="4">0</subfield>
    <subfield code="7">0</subfield>
    <subfield code="a">BFM</subfield>
    <subfield code="b">BFM</subfield>
    <subfield code="c">CR</subfield>
    <subfield code="d">2022-12-06</subfield>
    <subfield code="e">Donaci&#xF3;n Aguila, Celeste. Diciembre 2022.</subfield>
    <subfield code="l">0</subfield>
    <subfield code="o">808 8 BRO</subfield>
    <subfield code="p">4806</subfield>
    <subfield code="r">2022-12-06</subfield>
    <subfield code="t">Ej. 1</subfield>
    <subfield code="w">2022-12-06</subfield>
    <subfield code="y">LIT</subfield>
    <subfield code="z">Donaci&#xF3;n Aguila, Celeste. Diciembre 2022.</subfield>
    <subfield code="f"></subfield>
  </datafield>
  <datafield tag="952" ind1=" " ind2=" ">
    <subfield code="0">0</subfield>
    <subfield code="1">0</subfield>
    <subfield code="2">ddc</subfield>
    <subfield code="4">0</subfield>
    <subfield code="7">0</subfield>
    <subfield code="a">BFM</subfield>
    <subfield code="b">BFM</subfield>
    <subfield code="c">CR</subfield>
    <subfield code="d">2024-12-12</subfield>
    <subfield code="e">Donaci&#xF3;n Diciembre 2024. Sede Tordos.</subfield>
    <subfield code="l">0</subfield>
    <subfield code="o">808 8 BRO</subfield>
    <subfield code="p">4982</subfield>
    <subfield code="r">2024-12-13</subfield>
    <subfield code="t">Ej.2</subfield>
    <subfield code="w">2024-12-13</subfield>
    <subfield code="y">LIT</subfield>
    <subfield code="z">Donaci&#xF3;n Diciembre 2024. Sede Tordos.</subfield>
    <subfield code="f"></subfield>
  </datafield>
</record>
